000 01032naa a22002777a 4500
001 BR9401979
003 BR-BrBNA
005 20240918181155.0
007 ta
008 230509b bl.||||| |||| 00| 0 por d
040 _aBR-BrBNA
_bpor
_cBiblioteca Nacional de Agricultura
041 _a(Pt)
072 _aH10
_b1000
_b4030
_b3872
090 _aH10 BR9401979
100 1 _aOgata, T.
111 1 _a10. Congresso Brasileiro de Fruticultura
_cFortaleza, CE (Brazil)
_d1-6 Oct 1989
245 1 _aControle do acaro da falsa ferrugem em citros, com uso de acaricida sistemico no solo
260 3 _aFortaleza, CE (Brasil):
_c1989.
500 _a10. Congresso Brasileiro de Fruticultura. Anais Fortaleza, CE (Brasil): 1989. p. 101-109 (BR9401979-AM)H10
650 _aFruta Citrica
650 _aAcaro da Falsa Ferrugem
650 _aAcaricida
773 0 _t10. Congresso Brasileiro de Fruticultura. Anais
_wH10 BR9401979
_gFortaleza, CE (Brasil), 1989. p. 101-109
909 _a202404
_bLucia
_c55
_dLucia Elande
942 _cAM
_2AGRIS
999 _c323954
_d323954